Kluby w Lidze Mistrzów 2025/26 - Statystyki

Ogólne statystyki
  • Ten quiz został rozwiązany 171 razy
  • Średni wynik to 27 z 36
Statystyki odpowiedzi
Kraj Drużyna % Poprawnych
Hiszpania FC Barcelona
96%
Anglia Manchester City
95%
Hiszpania Real Madryt
95%
Anglia Arsenal Londyn
94%
Włochy Inter Mediolan
94%
Niemcy Bayern Monachium
93%
Francja Paris Saint-Germain
92%
Anglia Chelsea Londyn
91%
Anglia FC Liverpool
90%
Niemcy Borussia Dortmund
88%
Hiszpania Atlético Madryt
87%
Włochy Juventus Turyn
85%
Holandia Ajax Amsterdam
83%
Niemcy Bayer Leverkusen
82%
Portugalia Sporting Lizbona
82%
Turcja Galatasaray
79%
Włochy SSC Napoli
79%
Francja Olympique Marsylia
78%
Holandia PSV Eindhoven
78%
Portugalia Benfica Lizbona
77%
Anglia Tottenham Hotspur
75%
Norwegia FK Bodø/Glimt
71%
Czechy Slavia Praga
71%
Włochy Atalanta Bergamo
69%
Hiszpania Athletic Bilbao
69%
Belgia Club Brugge
66%
Dania FC Kopenhaga
63%
Hiszpania Villarreal CF
62%
Francja AS Monaco
60%
Anglia Newcastle United
60%
Azerbejdżan Karabach Agdam
58%
Kazachstan Kajrat Ałmaty
52%
Grecja Olympiakos Pireus
52%
Cypr FC Pafos
51%
Niemcy Eintracht Frankfurt
48%
Belgia Union Saint-Gilloise
44%
Nie znaleziono quizów pasujących do podanych kryteriów
Rozkład punktacji
Procent ludzi z każdym wynikiem
Percentyl według liczby udzielonych odpowiedzi
Twoja historia wyników
Nie rozwiązałeś tego quizu